000 00429nam a22001697a 4500
005 20260413174559.0
008 260413b |||||||| |||| 00| 0 eng d
020 _a9789697834457
040 _cPK-LaNCA
082 _a370.95491
_bANJ
100 _aAnjum Altaf
245 _aWhat get wrong about education in Pakistan
260 _aFolio Books
_bLahore
_c2024
300 _a196p
650 _aEducation - Pakistan
942 _cBK
999 _c67215
_d67215